=LDR 00000nam 2200000 4500 =001 000892 =005 20250712120403 =035 ##$$a 0010-0725000770 =007 ta =008 250712################a##########0#ind## =020 ##$$a 978-602-244-939-3 =082 ##$$a 398.209 508 =084 ##$$a 398.209 508 MAN a =100 #$$a Manohara, Laksmi =245 1#$$a Apa Itu? /$c Laksmi Manohara =250 ##$$a Cetakan Pertama =260 ##$$a Jakarta :$b Kementerian Pendidikan, Kebudayaan, Riset, dan Teknologi,$c 2022 =300 ##$$a 30 hlm. : $b ilus. ; $c 21 x 29,7 cm =856 ##$$a TBM As Suhada =990 ##$$a TBM202400692